Hospital architecture + design / (Registro nro. 50795)

Detalles MARC
000 -LEADER
campo de control de longitud fija 03742cam a22004454i 4500
003 - IDENTIFICADOR DE NÚMERO DE CONTROL
campo de control PE-LiUPU
005 - FECHA Y HORA DE LA ÚLTIMA TRANSACCIÓN
campo de control 20250731183425.0
008 - DATOS DE LONGITUD FIJA--INFORMACIÓN GENERAL
campo de control de longitud fija 150706s r 000 0 d
020 ## - NÚMERO INTERNACIONAL ESTÁNDAR DEL LIBRO
Número Internacional Estándar del Libro 9783037680063
035 ## - NÚMERO DE CONTROL DEL SISTEMA
Número de control de sistema (Sirsi) i9783037680063
040 ## - FUENTE DE CATALOGACIÓN
Centro catalogador/agencia de origen PE-LiUPU
Lengua de catalogación spa
Centro/agencia transcriptor PE-LiUPU
Normas de descripción rda
049 ## - FONDOS LOCALES (OCLC)
Biblioteca depositaria PRUA
082 04 - NÚMERO DE LA CLASIFICACIÓN DECIMAL DEWEY
Número de clasificación 725.5102
Cutter H
Número de edición 21
245 01 - MENCIÓN DEL TÍTULO
Título Hospital architecture + design /
Mención de responsabilidad, etc. Christine Nickl-Weller; Hans Nickl (eds.).
264 #1 - PRODUCCIÓN, PUBLICACIÓN, DISTRIBUCIÓN, FABRICACIÓN Y COPYRIGHT
Producción, publicación, distribución, fabricación y copyright [Berlin] :
Nombre del de productor, editor, distribuidor, fabricante Braun,
Fecha de producción, publicación, distribución, fabricación o copyright 2009.
300 ## - DESCRIPCIÓN FÍSICA
Extensión 301 páginas ;
Dimensiones 25 centímetros
336 ## - TIPO DE CONTENIDO
Término de tipo de contenido text
Fuente rdacontent
337 ## - TIPO DE MEDIO
Nombre/término del tipo de medio unmediated
Fuente rdamedia
338 ## - TIPO DE SOPORTE
Nombre/término del tipo de soporte volume
Fuente rdacarrier
490 0# - MENCIÓN DE SERIE
Mención de serie Masterpieces
500 ## - NOTA GENERAL
Nota general "Inglés, Alemán y Francés"-- escrito en tres idiomas.
505 0# - NOTA DE CONTENIDO CON FORMATO
Nota de contenido con formato Agatharied Hospital -- ALB Hospital -- Anadolu Medical Center -- Angelika Lautenshläger Clinic -- Ärztehaus Rodenkirchen Köln -- Bellevue Hospital Ambulatory Care Building -- Böbligen District Hospital -- Cardiac Center of the University Hospital -- Catholic Hospital of St. Johann Nepomuk -- Cha Women´s and Children´s Hospital -- The Children's Hospital -- The Children´s Hospital -- Clinic hanover Nordstadt -- Clinical Center of the City of Wolfsburg -- Clinical Center of the Johann Wolfgang Goethe-University -- Clinic Sainte-Marie -- Community Hospital North New Women and Infants Center -- The credit Valley Hospital -- Daimiel´s Health Care Center-outpatient Specialty Center -- Fletcher Allen Health Care, The Renaissance Project -- Graz-West State Hospital -- Greifswald University Clinical Center -- Health Center -- Healthcarte Center Seekirchen -- Heart Hospital at Baptist Medical Center -- Helios Clinical Center -- Helsingor Psychiatric Hospital -- Hospital Regional de Alta Especiaalidad -- Innsbruck University Clinical Center -- Johannes Wesling Clinical Center -- K-Clinic -- Kaiser Permanente Panorama City Medical Center -- Kings Conuty Hospital Center -- Knittelfeld State Hospital -- Krefeld Clinical Center -- Legacy Salmon Creek Hospital -- Mildred-Scheel House -- Minamigaoka Clinic -- Municipal Clinic Center -- New Mestre Hospital -- The New Martini Hospital -- Ostalb Clinical Center -- Obstalb Clinical Center, Clinic Hotel -- Palomar Medical Center West -- Pan Praxisklinik am Neumarkt -- Pediatric Clinic "Princess Margaret" -- Peter and Paula Fasseas Cancer Clinic at University Medical Center -- Pictou Landing Health Center -- Pole De Sante Sarthe et Loire -- Ravelo Medical Clinic, Ravelo -- Rebecca and John Moores UCSD Cancer Center -- Rehab Basle -- Royal Ottawa Hospital -- Sophien and Hufeland Clinic -- Olav´s Hospital Neuro Center -- Thunder Bay Regional Health Sciences Center -- University Clinical Center Carl Gustav Carus -- University Clinical Center -- William Osler Health Center -- Woodbury Dermatology Clinic -- Workmen's Compensation Casualty Clinic.
526 ## - NOTA DE INFORMACIÓN SOBRE EL PROGRAMA DE ESTUDIO
Nombre del programa Maestría Bim Facility Management (A distancia)
526 ## - NOTA DE INFORMACIÓN SOBRE EL PROGRAMA DE ESTUDIO
Nombre del programa
526 ## - NOTA DE INFORMACIÓN SOBRE EL PROGRAMA DE ESTUDIO
Nombre del programa Educación musical y artes
526 ## - NOTA DE INFORMACIÓN SOBRE EL PROGRAMA DE ESTUDIO
Nombre del programa Educación, especialidad educación física
526 ## - NOTA DE INFORMACIÓN SOBRE EL PROGRAMA DE ESTUDIO
Nombre del programa Arquitectura
541 ## - NOTA DE FUENTE DE ADQUISICIÓN DIRECTA
-- 001-000206;
596 ## -
-- 1
650 04 - PUNTO DE ACCESO ADICIONAL DE MATERIA--TÉRMINO DE MATERIA
Término de materia o nombre geográfico como elemento de entrada Diseño arquitectónico
Subdivisión general Hospitales
Subdivisión de forma Diseño de interiores.
650 04 - PUNTO DE ACCESO ADICIONAL DE MATERIA--TÉRMINO DE MATERIA
Término de materia o nombre geográfico como elemento de entrada Edificios sanitarios.
700 1# - ENTRADA AGREGADA--NOMBRE PERSONAL
Nombre de persona Chamot, Claire,
Término indicativo de función/relación tr.
700 1# - ENTRADA AGREGADA--NOMBRE PERSONAL
Nombre de persona Nickl, Hans,
Término indicativo de función/relación ed.
700 1# - ENTRADA AGREGADA--NOMBRE PERSONAL
Nombre de persona Nickl-Weller, Christine,
Término indicativo de función/relación ed.
910 ## - DATOS DE OPCIÓN DEL USUARIO (OCLC)
Datos de opción del usuario
942 ## - ELEMENTOS DE ENTRADA SECUNDARIOS (KOHA)
Fuente del sistema de clasificación o colocación Clasificación Decimal Dewey
Tipo de ítem Koha
949 ## - PROCESAMIENTO DE INFORMACIÓN LOCAL (OCLC)
a 725.5102 H
w DEWEY
c 1
i 61614
d 2016-2-2
e 2016-2-1
l CCODEBUL1
m BUL
n 1
p 82.00
r 0
s Y
t BOOK
u 2015-7-6
x INGENIERIA
-- P06
0 COMPRA
o .STAFF. Colección General
994 ## -
-- C0
-- PEPRU
999 ## - NÚMEROS DE CONTROL DE SISTEMA (KOHA)
-- DEWEY
-- 61614
-- 2019-9-29
-- 2021-11-10
-- 7
-- CCODEBUL1
-- BUL
-- 14
-- 82.00
-- 4
-- 0
-- Y
-- BOOK
-- 2015-7-6
-- INGENIERIA
-- P06
-- COMPRA
-- .STAFF. Colección General
980 ## - EQUIVALENCIA O REFERENCIA-CRUZADA-MENCIÓN DE SERIE--NOMBRE DE PERSONA/TÍTULO [LOCAL, CANADÁ]
ID del último usuario que modificó el registro 1
Nombre del último usuario que modificó el registro ALBERTO SANCHEZ Responsable de Automatización
Existencias
Visto por última vez Número de inventario Total de préstamos Signatura topográfica completa Código de barras Fecha del último préstamo Copia número Coste, precio de reemplazo Fecha de reemplazo Facultad Tipo de ítem Koha Nota pública Estado de pérdida Fuente del sistema de clasificación o colocación Restricciones de uso No para préstamo Colección Programa académico Biblioteca de origen Biblioteca actual Ubicación en estantería Fecha de adquisición Fuente de adquisición Coste, precio normal de compra
2025-12-03 8 16 725.5102 H 61614 2023-05-22 e1 87.00 2015-07-06 FIA Libros físicos inventario-2023-12-13 No Perdido Clasificación Decimal Dewey No restringido Disponible para préstamos Colección General Arquitectura Biblioteca CRAI UPeU Lima Biblioteca CRAI UPeU Lima Sala principal 2015-07-06 COMPRA 82.00